00579nam a2200181Ia 4500003000900000008004100009020001800050040001600068080001900084100001800103245007000121260003400191300001500225490006400240650002400304650002600328650004300354IN-BaIIA211028s9999 xx 000 0 eng d a3-540-06995-x cIIA Library a52(091)bNEU-1 aNeugebauer, O 2aA History of ancient mathematical astronomybpt. 1cO. Neugebauer aBerlinbSpringer-Verlagc1975 axxi, 555p. aStudies in the History of Mathematics and Physical Sciences a Astronomy-History a History-Astronomy  aAstronomy and Astrophysics Thesaurus